000 00754cam a22002413a 4500
001 4354
003 PGUSA
005 20140828083052.0
008 030801s2003||||xxu|||||s|||||000 | eng d
040 _aPGUSA
_beng
042 _adc
050 4 _aDG
100 1 _aGissing, George,
_d1857-1903
245 1 0 _aBy the Ionian Sea :
_bNotes of a Ramble in Southern Italy
_h[electronic resource] /
_cGeorge Gissing
260 _bProject Gutenberg,
_c2003
506 _aPublic domain in the USA.
516 _aElectronic text
653 _aItaly, Southern -- Description and travel
653 _aGissing, George, 1857-1903 -- Travel -- Italy, Southern
830 0 _aProject Gutenberg
_v4354
856 4 0 _uhttp://www.gutenberg.org/ebooks/4354
942 _cEB
999 _c233683
_d233683